Datum a čas kvízu

29.5 Celkem bodů Celkový počet nahraných bodů na tomto kvízu bez doplňovacích otázek.
3. Pořadí na kvízu Konečné umístění týmu na tomto kvízu.

Zaznamenané odpovědi

# Otázka Odpověď Body Výsledky
1. Ekonomka a bývalá rektorka brn... Danuše Nerudová 1
2. Do Venezuely dorazila bílá lví... z Hodonína 0
3. V neděli došlo v pařížském Lou... dort 1
4. Dvě velké banky se v České rep... Komerční banka, Moneta 1
5. Hokejista Jaromír Jágr předsta... konopí 0
6. V dalším díle této tematické s... arapaima 1
7. Merlík čilský je rostlina z če... quinoa 0
8. Tento pták je druhým největším... harpyje 1
9. Tato velká šelma je svým výsky... jaguár 0
10. Tato zelenina pochází z Jižní... ačokča 0